বাংলাদেশের সূফী সাধক/ (Record no. 18024)

MARC details
000 -LEADER
fixed length control field 00945nam a22002177a 4500
003 - CONTROL NUMBER IDENTIFIER
control field BDDh-ASL
005 - DATE AND TIME OF LATEST TRANSACTION
control field 20231015025654.0
008 - FIXED-LENGTH DATA ELEMENTS--GENERAL INFORMATION
fixed length control field 200917b1993 ||||| |||| 00| 0 d
020 ## - INTERNATIONAL STANDARD BOOK NUMBER
International Standard Book Number 9840604264
040 ## - CATALOGING SOURCE
Original cataloging agency BDDh-ASL
Transcribing agency BDDh-ASL
Modifying agency BDDh-ASL
041 ## - LANGUAGE CODE
Language code of text/sound track or separate title bengali
082 ## - DEWEY DECIMAL CLASSIFICATION NUMBER
Classification number 297.45492
Item number SAB
100 1# - MAIN ENTRY--PERSONAL NAME
Personal name সাকলায়েন, গোলাম
9 (RLIN) 842
245 1# - TITLE STATEMENT
Title বাংলাদেশের সূফী সাধক/
Statement of responsibility, etc. গোলাম সাকলায়েন
246 ## - VARYING FORM OF TITLE
Title proper/short title Bangladesher Sufi-Sadhak.
260 ## - PUBLICATION, DISTRIBUTION, ETC.
Place of publication, distribution, etc. ঢাকা:
Name of publisher, distributor, etc. ইসলামিক ফাউণ্ডেশন বাংলাদেশ,
Date of publication, distribution, etc. ১৯৯৩।
300 ## - PHYSICAL DESCRIPTION
Extent চৌদ্দ, ৩৪৩ পৃষ্ঠা:
Dimensions ২২ সে.মি.।
504 ## - BIBLIOGRAPHY, ETC. NOTE
Bibliography, etc. note গ্রন্থপঞ্জি ও নির্ঘন্ট সংযুক্ত।
650 #0 - SUBJECT ADDED ENTRY--TOPICAL TERM
9 (RLIN) 764
Topical term or geographic name entry element সুফী মতবাদ
General subdivision ইসলাম ধর্ম
942 ## - ADDED ENTRY ELEMENTS (KOHA)
Source of classification or shelving scheme Dewey Decimal Classification
Koha item type Books
Holdings
Withdrawn status Lost status Source of classification or shelving scheme Damaged status Not for loan Collection code Home library Current library Shelving location Date acquired Total Checkouts Full call number Barcode Date last seen Copy number Price effective from Koha item type
    Dewey Decimal Classification     Non-fiction Asiatic Society Library Asiatic Society Library General Stacks 09/17/2020   297.45492 SAB 101171 09/17/2020 C-1 09/17/2020 Books

Powered by Koha